[Event "SG Gladbeck 1 - SF Essen-Werden 1"]
[Site "Verbandsliga - Gruppe 2 2018/"]
[Date "2019.03.24"]
[Round "8.4"]
[White "Berg, Dietmar"]
[Black "Berger, Konstantin"]
[Result "0-1"]
[WhiteElo "1965"]
[BlackElo "2059"]
[PlyCount "62"]
[EventDate "2019.??.??"]

1. d4 Nf6 2. Nf3 g6 3. Bg5 Bg7 4. Nbd2 d5 5. e3 O-O 6. c4 Ne4 7. Nxe4 dxe4 8.
Nd2 c5 9. Nxe4 h6 10. Bxe7 Qxe7 11. Nxc5 Nc6 12. Be2 Re8 13. Nb3 a5 14. O-O a4
15. Nc1 f5 16. Bd3 Kh7 17. Ne2 Nb4 18. Re1 Be6 19. Nf4 Bf7 20. Bf1 Rec8 21. a3
Nc6 22. Rc1 Qd7 23. Bd3 Na5 24. Qe2 Re8 25. Qf3 Rac8 26. c5 Nb3 27. Rcd1 Re7
28. Nh5 Bh8 29. Qh3 Rce8 30. Nf4 Nxd4 31. Bf1 Qc7 0-1

[Event "SG Gladbeck 1 - SF Essen-Werden 1"]
[Site "Verbandsliga - Gruppe 2 2018/"]
[Date "2019.03.24"]
[Round "8.5"]
[White "Claussen, Uwe"]
[Black "Holtkamp, Matthias"]
[Result "1-0"]
[WhiteElo "2005"]
[BlackElo "1918"]
[PlyCount "107"]
[EventDate "2019.??.??"]

1. d4 Nf6 2. Nf3 e6 3. e3 d5 4. Bd3 c5 5. O-O Nc6 6. b3 Bd6 7. Bb2 cxd4 8. exd4
O-O 9. Ne5 Qc7 10. f4 Nb4 11. Nd2 Nxd3 12. cxd3 b5 13. Ndf3 Bb7 14. Qd2 a5 15.
Rfc1 Qb6 16. Rc2 Rac8 17. Rac1 Rxc2 18. Rxc2 Rc8 19. Rxc8+ Bxc8 20. Qc2 Bb7 21.
Ng5 Bxe5 22. fxe5 Ng4 23. Qe2 Nh6 24. Qc2 b4 25. Qc5 Qxc5 26. dxc5 Ng4 27. Bd4
Nh6 28. Kf2 Nf5 29. Nf3 Ne7 30. Bb2 Nc6 31. g3 Kf8 32. Ke3 Ke7 33. h4 f6 34. g4
Na7 35. exf6+ gxf6 36. g5 f5 37. Bf6+ Ke8 38. Nd4 Kf7 39. Bd8 Nc6 40. Nxc6 Bxc6
41. Bxa5 e5 42. Bxb4 Ke6 43. Be1 d4+ 44. Kd2 Be8 45. Ke2 Bh5+ 46. Kf2 Bd1 47.
Bb4 Kd5 48. Ke1 Bh5 49. a4 Be8 50. a5 Bb5 51. c6 Bxc6 52. a6 e4 53. h5 Ke6 54.
Bc5 1-0

[Event "SG Gladbeck 1 - SF Essen-Werden 1"]
[Site "Verbandsliga - Gruppe 2 2018/"]
[Date "2019.03.24"]
[Round "8.6"]
[White "Rickert, Stefan"]
[Black "Huette, Stefan"]
[Result "1/2-1/2"]
[WhiteElo "1903"]
[BlackElo "2013"]
[PlyCount "45"]
[EventDate "2019.??.??"]

1. e4 e6 2. d4 d5 3. exd5 exd5 4. Bd3 Bd6 5. Nf3 Ne7 6. O-O Bg4 7. Re1 Nbc6 8.
c3 Qd7 9. b4 Nd8 10. Bg5 f6 11. Bh4 Nf7 12. Nbd2 O-O-O 13. Bg3 Ng5 14. Be2 Bxf3
15. Bxf3 Bxg3 16. hxg3 Kb8 17. Nb3 b6 18. a4 h5 19. a5 h4 20. axb6 cxb6 21. Qe2
Rde8 22. g4 h3 23. g3 1/2-1/2

[Event "SG Gladbeck 1 - SF Essen-Werden 1"]
[Site "Verbandsliga - Gruppe 2 2018/"]
[Date "2019.03.24"]
[Round "8.7"]
[White "Gockel, Mirco"]
[Black "Wenzel, Martin"]
[Result "0-1"]
[WhiteElo "1921"]
[BlackElo "1932"]
[PlyCount "44"]
[EventDate "2019.??.??"]

1. c4 f5 2. g3 Nf6 3. Bg2 g6 4. Nc3 Bg7 5. d4 d6 6. h4 c6 7. h5 Nxh5 8. Rxh5
gxh5 9. e4 O-O 10. Be3 Qb6 11. Qd2 fxe4 12. O-O-O Bf5 13. Nge2 Nd7 14. Nf4 Nf6
15. d5 Qa5 16. Rh1 cxd5 17. cxd5 Rac8 18. Kb1 Ng4 19. Re1 Rc7 20. Nxh5 Bxc3 21.
bxc3 Nxe3 22. Qxe3 Qb6+ 0-1

[Event "SG Gladbeck 1 - SF Essen-Werden 1"]
[Site "Verbandsliga - Gruppe 2 2018/"]
[Date "2019.03.24"]
[Round "8.8"]
[White "Winzbeck, Frank"]
[Black "Bury, Tobias"]
[Result "0-1"]
[WhiteElo "1877"]
[BlackElo "1871"]
[Annotator "Daniel"]
[PlyCount "70"]
[EventDate "2019.??.??"]

1. d4 Nf6 2. c4 g6 3. Nc3 Bg7 4. e4 d6 5. f4 c5 6. d5 O-O 7. Nf3 e6 8. Bd3 exd5
9. cxd5 Nbd7 10. O-O Re8 11. Re1 a6 12. a4 Qc7 13. Qb3 Nb6 14. a5 c4 15. axb6
Qc5+ 16. Be3 Qxe3+ 17. Rxe3 cxb3 18. Ra3 Nd7 19. Rxb3 Nc5 20. Ra3 Bf5 21. b4
Nxd3 22. Rxd3 Bxe4 $11 23. Nxe4 Rxe4 24. b5 a5 25. g3 Rb4 26. Rdb3 Rxb3 27.
Rxb3 a4 28. Ra3 Bb2 29. Ra2 a3 30. Kf2 Ra5 31. Nd2 Rxb5 32. Nc4 Bd4+ 33. Ke2
Rb2+ 34. Rxb2 Bxb2 35. Na5 a2 0-1

[Event "SV Bönen 1 - SF Essen-Katernberg  3"]
[Site "Verbandsliga - Gruppe 2 2018/"]
[Date "2019.03.24"]
[Round "8.1"]
[White "Rosen, Willy"]
[Black "Schlottmann, Fabian"]
[Result "0-1"]
[WhiteElo "2084"]
[BlackElo "2300"]
[PlyCount "82"]
[EventDate "2019.??.??"]

1. e4 e6 2. d4 d5 3. Nc3 Nf6 4. Bg5 Bb4 5. exd5 exd5 6. Qf3 Bxc3+ 7. bxc3 Qe7+
8. Qe3 Be6 9. Bd3 Nbd7 10. Ne2 O-O 11. O-O h6 12. Bh4 Rae8 13. a4 c5 14. dxc5
Qxc5 15. Qxc5 Nxc5 16. Bxf6 gxf6 17. Nf4 Rc8 18. Rfb1 Rc6 19. Rb4 Rfc8 20. Re1
a5 21. Rd4 Rd6 22. c4 Nxa4 23. cxd5 Nc5 24. Bc4 Bf5 25. c3 a4 26. Ba2 b5 27.
Rb4 Bd7 28. Re3 Na6 29. Rb1 b4 30. cxb4 Nxb4 31. Re2 Bf5 32. Rbe1 Kf8 33. Rb2
Rb6 34. g4 Bxg4 35. Re4 Nxd5 36. Rxb6 Nxb6 37. Rb4 Rc6 38. Kg2 Bd7 39. Nd5 Nxd5
40. Bxd5 Ra6 41. Bc4 Ra7 0-1

[Event "SV Bönen 1 - SF Essen-Katernberg  3"]
[Site "Verbandsliga - Gruppe 2 2018/"]
[Date "2019.03.24"]
[Round "8.2"]
[White "Lenz, Guntram"]
[Black "Krüger, Erich"]
[Result "1/2-1/2"]
[WhiteElo "1853"]
[BlackElo "2018"]
[PlyCount "147"]
[EventDate "2019.??.??"]

1. d4 Nf6 2. c4 g6 3. Nc3 Bg7 4. e4 d6 5. Be2 O-O 6. Nf3 e5 7. O-O Na6 8. Be3
Ng4 9. Bg5 Qe8 10. Re1 c6 11. h3 h6 12. Bh4 Nf6 13. dxe5 dxe5 14. Qd6 Qd8 15.
Qxd8 Rxd8 16. Rad1 Re8 17. Nd2 Nc5 18. b4 Ne6 19. Nb3 Nd4 20. Rd2 Be6 21. Bf1
g5 22. Bg3 Nh5 23. Kh2 Nxg3 24. Kxg3 Bf8 25. Nc5 b6 26. Nxe6 Nxe6 27. Rb2 Red8
28. Rd1 Rxd1 29. Nxd1 Rd8 30. Ne3 Nf4 31. b5 cxb5 32. Rxb5 Bc5 33. Nd5 Kg7 34.
Kf3 Ne6 35. Rb2 Bd4 36. Rc2 Nc5 37. Ne7 Rd7 38. Nd5 h5 39. g4 h4 40. Bg2 Rb7
41. Bf1 a6 42. Nb4 b5 43. cxb5 axb5 44. Nc6 Ne6 45. Ke2 Rb6 46. Kd1 b4 47. Ne7
Bc3 48. Nf5+ Kf8 49. Ne3 Nd4 50. Nd5 Rc6 51. Rc1 Rc5 52. Nb6 Ra5 53. Bc4 Kg7
54. Nd5 Rc5 55. Nxc3 Rxc4 56. Nd5 Rxc1+ 57. Kxc1 Ne2+ 58. Kd2 Ng1 59. Nxb4 Nxh3
60. Ke2 Nf4+ 61. Kf3 Kf8 62. a4 Ke7 63. Nd5+ Kd6 64. Nf6 Kc6 65. a5 Kb5 66. Nd7
Nd3 67. Kg2 Nc5 68. Nxe5 f6 69. Ng6 Nxe4 70. f4 Kxa5 71. fxg5 fxg5 72. Ne5 Kb5
73. Nf3 Kc5 74. Nxh4 1/2-1/2

[Event "SV Bönen 1 - SF Essen-Katernberg  3"]
[Site "Verbandsliga - Gruppe 2 2018/"]
[Date "2019.03.24"]
[Round "8.3"]
[White "Nautsch, Werner"]
[Black "Fuest, Torsten"]
[Result "1/2-1/2"]
[WhiteElo "2020"]
[BlackElo "1871"]
[PlyCount "168"]
[EventDate "2019.??.??"]

1. f4 Nf6 2. Nf3 g6 3. g3 Bg7 4. Bg2 d6 5. O-O O-O 6. d3 e5 7. Nc3 Nc6 8. e4
Bg4 9. h3 Bxf3 10. Bxf3 Nd4 11. Ne2 Nxf3+ 12. Rxf3 d5 13. fxe5 dxe4 14. Rxf6
Bxf6 15. exf6 exd3 16. Qxd3 Qxf6 17. Qc3 Qxc3 18. Nxc3 Kg7 19. Bf4 c6 20. a4
Rfe8 21. Kf2 h6 22. a5 g5 23. Be3 Rad8 24. Ra4 f5 25. Rc4 a6 26. Rb4 Rd7 27.
Ne2 Kg6 28. Nd4 Re5 29. Nb3 Rde7 30. Bd4 Re2+ 31. Kf1 Rxc2 32. Bc3 Rh2 33. h4
Ree2 34. Bd4 Rc2 35. Rxb7 f4 36. gxf4 g4 37. f5+ Kxf5 38. Bg1 Ke4 39. Bxh2 Rxh2
40. Rb4+ Kf3 41. Nd4+ Kg3 42. Nf5+ Kf3 43. Kg1 Rd2 44. Rb3+ Kf4 45. Ng3 Rc2 46.
Nh5+ Kf5 47. Ng7+ Kg6 48. Ne6 Kh5 49. Nd4 Rc1+ 50. Kg2 Kxh4 51. Rc3 Rd1 52.
Nf5+ Kg5 53. Ne3 Rd2+ 54. Kg3 h5 55. Rc5+ Kg6 56. Rxc6+ Kg5 57. Rc5+ Kg6 58. b4
Rb2 59. Nc2 Rb3+ 60. Kf4 Rf3+ 61. Ke4 Rb3 62. b5 axb5 63. Nd4 Rb4 64. Rxb5 Ra4
65. Ke3 h4 66. Ne2 h3 67. Nf4+ Kh6 68. Rh5+ Kg7 69. Rg5+ Kf7 70. Rxg4 Rxa5 71.
Rh4 Ra3+ 72. Nd3 Ke6 73. Rh6+ Kd5 74. Rh5+ Ke6 75. Rb5 Kd6 76. Kd4 Ra4+ 77. Nb4
Ke6 78. Ke4 Kd6 79. Kd4 Ke6 80. Kc5 Kf5 81. Nd5 Ra1 82. Rb8 Rc1+ 83. Kd6 Ke4
84. Rb4+ Kd3 1/2-1/2

[Event "SV Bönen 1 - SF Essen-Katernberg  3"]
[Site "Verbandsliga - Gruppe 2 2018/"]
[Date "2019.03.24"]
[Round "8.4"]
[White "Helmert, Jochen"]
[Black "Geerlings, Gerd"]
[Result "0-1"]
[WhiteElo "1900"]
[BlackElo "2024"]
[PlyCount "110"]
[EventDate "2019.??.??"]

1. e4 c5 2. Nf3 d6 3. d4 cxd4 4. Nxd4 Nf6 5. Nc3 a6 6. h3 e5 7. Nb3 Be6 8. Bg5
Be7 9. Qf3 Nbd7 10. O-O-O Rc8 11. g4 b5 12. Be3 O-O 13. g5 Ne8 14. h4 Qc7 15.
Rd2 Nb6 16. Bxb6 Qxb6 17. Nd5 Bxd5 18. exd5 f5 19. gxf6 Rxf6 20. Qg4 Qd8 21.
Bd3 Rf4 22. Qe6+ Kh8 23. Re2 Nc7 24. Qh3 Nxd5 25. Rg1 Nf6 26. Bf5 Rc7 27. f3
Qf8 28. Reg2 Ne8 29. Bg4 d5 30. Be6 Rxh4 31. Qg3 Qf4+ 32. Qxf4 Rxf4 33. Bxd5 g6
34. Nd2 Nf6 35. Bb3 Kg7 36. Re1 Bd6 37. c3 Re7 38. Rge2 h5 39. Rg2 Kh6 40. Reg1
Rg7 41. Ne4 Nxe4 42. fxe4 g5 43. Rd1 Be7 44. Rd5 Bf6 45. Rd6 h4 46. Be6 Be7 47.
Rxa6 Rg6 48. Bc8 Rxa6 49. Bxa6 h3 50. Rh2 g4 51. Bxb5 Kg5 52. Bd7 Kh4 53. Rh1
Rf2 54. a4 h2 55. a5 Rg2 0-1

[Event "SV Bönen 1 - SF Essen-Katernberg  3"]
[Site "Verbandsliga - Gruppe 2 2018/"]
[Date "2019.03.24"]
[Round "8.5"]
[White "Stremmel, Ralf"]
[Black "Schötz, Hans-Joachim"]
[Result "1-0"]
[WhiteElo "2035"]
[BlackElo "1883"]
[PlyCount "95"]
[EventDate "2019.??.??"]

1. e4 c5 2. Nc3 a6 3. a4 b6 4. f4 e6 5. Nf3 d6 6. Be2 Bb7 7. O-O Qc7 8. d3 Nd7
9. Qe1 Ngf6 10. Bd1 h6 11. Ne2 Be7 12. c3 O-O-O 13. Ng3 Rdg8 14. b4 g5 15. f5
g4 16. Nd2 h5 17. fxe6 fxe6 18. Bb3 h4 19. Ne2 e5 20. Bxg8 Rxg8 21. Qxh4 d5 22.
Ng3 Bd8 23. Qh6 cxb4 24. cxb4 Qc3 25. Ra3 Qxb4 26. Rb3 Qxa4 27. Bb2 Qa5 28.
Rc1+ Kb8 29. Nf5 g3 30. Nxg3 Ng4 31. Qd6+ Ka7 32. Nf3 Nc5 33. Ra1 Nxb3 34. Rxa5
bxa5 35. Nf5 dxe4 36. dxe4 Bb6+ 37. Kf1 Bxe4 38. Qd7+ Ka8 39. Qe6 Bd3+ 40. Ke1
Bf2+ 41. Kd1 Rd8 42. Qc6+ Kb8 43. Ba3 Bxf5+ 44. Bd6+ Rxd6+ 45. Qxd6+ Kc8 46.
Qf8+ Kc7 47. Qf7+ Kc6 48. Qxb3 1-0

[Event "SV Bönen 1 - SF Essen-Katernberg  3"]
[Site "Verbandsliga - Gruppe 2 2018/"]
[Date "2019.03.24"]
[Round "8.6"]
[White "Mönkemeyer, Maik"]
[Black "Gehrmann, Ulrich"]
[Result "1/2-1/2"]
[WhiteElo "1739"]
[BlackElo "1964"]
[PlyCount "112"]
[EventDate "2019.??.??"]

1. d4 e6 2. c4 b6 3. Nc3 Bb7 4. Nf3 Bb4 5. Bf4 Nf6 6. e3 Ne4 7. Rc1 O-O 8. Bd3
Bxc3+ 9. bxc3 f5 10. O-O d6 11. Bxe4 fxe4 12. Nd2 Qf6 13. Qb3 Nd7 14. Qb5 Qe7
15. c5 dxc5 16. Bxc7 Rac8 17. Bg3 Bd5 18. Qb1 Nf6 19. Bh4 Qb7 20. c4 Bc6 21.
dxc5 bxc5 22. Qxb7 Bxb7 23. Nb3 Rfd8 24. Rfd1 Rd3 25. Rd2 Rxd2 26. Nxd2 Bc6 27.
h3 Nd7 28. Nb3 Ba4 29. Bg3 Kf7 30. Rd1 Ke7 31. Rd2 Bxb3 32. axb3 e5 33. Ra2 Rc7
34. Bh4+ Ke6 35. Ra6+ Nb6 36. Bd8 Rb7 37. b4 Kd7 38. Bxb6 axb6 39. b5 Kc7 40.
f4 exf3 41. gxf3 Rb8 42. Kg2 Kb7 43. Kf2 Rd8 44. Ke2 Rd6 45. Ra3 Rh6 46. Rd3
Kc7 47. Rd5 Rxh3 48. Rxe5 Kd7 49. Rg5 g6 50. f4 Rh1 51. f5 gxf5 52. Rxf5 Ke6
53. Rf8 Rh6 54. Rb8 Ke5 55. Rb7 Rh2+ 56. Kd3 Rh6 1/2-1/2

[Event "SV Bönen 1 - SF Essen-Katernberg  3"]
[Site "Verbandsliga - Gruppe 2 2018/"]
[Date "2019.03.24"]
[Round "8.7"]
[White "Sauer, Bernd"]
[Black "Wegner, Stephan"]
[Result "1-0"]
[WhiteElo "1919"]
[BlackElo "1700"]
[PlyCount "79"]
[EventDate "2019.??.??"]

1. d4 Nf6 2. c4 g6 3. Nc3 Bg7 4. e4 d6 5. f4 O-O 6. Be2 c5 7. d5 e6 8. Nf3 exd5
9. cxd5 Re8 10. Nd2 a6 11. a4 Ng4 12. Bxg4 Qh4+ 13. g3 Qxg4 14. Qxg4 Bxg4 15.
Kf2 Bh3 16. Nc4 Bxc3 17. bxc3 Rxe4 18. Nxd6 Re7 19. c4 Nd7 20. Bb2 b6 21. Rhe1
Rxe1 22. Rxe1 Kf8 23. Ne4 h6 24. Nf6 Nxf6 25. Bxf6 Re8 26. Bg7+ Kxg7 27. Rxe8
Bd7 28. Rb8 Bxa4 29. Rxb6 a5 30. Ra6 Bb3 31. Rxa5 Bxc4 32. Rxc5 Bb3 33. Ke3 Kf6
34. Kd4 Ke7 35. Rb5 Ba4 36. Ra5 Bb3 37. Kc5 g5 38. d6+ Kd7 39. Ra7+ Kd8 40. Kc6
1-0

[Event "SV Bönen 1 - SF Essen-Katernberg  3"]
[Site "Verbandsliga - Gruppe 2 2018/"]
[Date "2019.03.24"]
[Round "8.8"]
[White "Medger, Gernot"]
[Black "Mamikonyan, Davit"]
[Result "0-1"]
[WhiteElo "1813"]
[BlackElo "1779"]
[PlyCount "50"]
[EventDate "2019.??.??"]

1. e4 e6 2. d4 d5 3. Nc3 Nf6 4. e5 Nfd7 5. Qg4 c5 6. dxc5 Nxe5 7. Qg3 Nbc6 8.
Nb5 Bxc5 9. Qxg7 Ng6 10. Qh6 a6 11. Nc3 Qb6 12. Qd2 Qc7 13. Nf3 Bd7 14. a3 Rc8
15. Bd3 Nce5 16. Qe2 Nxf3+ 17. Qxf3 Bc6 18. Bxg6 hxg6 19. Qg3 Qxg3 20. fxg3 d4
21. b4 Ba7 22. Ne2 Bxg2 23. Rg1 Rxh2 24. Nf4 Rxc2 25. Nxg2 Rcxg2 0-1

[Event "Rochade Steele/Kray 2 - SV Horst-Emsche"]
[Site "Verbandsklasse - Gruppe 1 201"]
[Date "2019.03.24"]
[Round "8.2"]
[White "Ophoven, Hermann"]
[Black "Hiebsch, Catalina"]
[Result "1/2-1/2"]
[WhiteElo "1718"]
[BlackElo "1720"]
[PlyCount "77"]
[EventDate "2019.??.??"]

1. c4 c5 2. Nf3 Nc6 3. Nc3 g6 4. d4 cxd4 5. Nxd4 Bg7 6. e3 Nf6 7. Be2 d6 8. O-O
O-O 9. Nxc6 bxc6 10. Qc2 Bd7 11. Bd2 Rb8 12. Rab1 Qc7 13. h3 Rfc8 14. b4 a5 15.
a3 axb4 16. axb4 Qd8 17. Rfd1 Ra8 18. Ra1 Rxa1 19. Rxa1 Ra8 20. Rxa8 Qxa8 21.
Qa2 Qxa2 22. Nxa2 Ne4 23. Be1 Kf8 24. f3 Ng5 25. Kf2 Ke8 26. Bc3 e5 27. Ke1 Ne6
28. Kd2 Bh6 29. Bf1 Nd4 30. Bxd4 exd4 31. f4 dxe3+ 32. Kxe3 Bg7 33. Nc1 h5 34.
Ne2 Kd8 35. Nd4 Kc7 36. Bd3 Bh6 37. Kf3 Bg7 38. Ke3 Bh6 39. Kf3 1/2-1/2

[Event "Rochade Steele/Kray 2 - SV Horst-Emsche"]
[Site "Verbandsklasse - Gruppe 1 201"]
[Date "2019.03.24"]
[Round "8.3"]
[White "Marquardt, Guido"]
[Black "Hilse, Dieter"]
[Result "1/2-1/2"]
[WhiteElo "1809"]
[BlackElo "1678"]
[PlyCount "49"]
[EventDate "2019.??.??"]

1. Nc3 d5 2. e4 dxe4 3. Nxe4 g6 4. d4 Bg7 5. Nf3 Nf6 6. Bd3 Bg4 7. c3 O-O 8. h3
Bxf3 9. Qxf3 c6 10. O-O Nbd7 11. Bg5 Qb6 12. Rab1 Rae8 13. Rfe1 Nxe4 14. Qxe4
Bf6 15. Be3 Qc7 16. f4 Bg7 17. f5 Nf6 18. Qh4 Nh5 19. g4 Nf6 20. Qf2 Nd5 21.
Bd2 e5 22. Bc4 Qd6 23. Bxd5 cxd5 24. dxe5 Bxe5 25. Kg2 1/2-1/2

[Event "Rochade Steele/Kray 2 - SV Horst-Emsche"]
[Site "Verbandsklasse - Gruppe 1 201"]
[Date "2019.03.24"]
[Round "8.4"]
[White "Jacob, Donald"]
[Black "Verfuerth, Christian"]
[Result "1/2-1/2"]
[WhiteElo "1572"]
[BlackElo "1836"]
[PlyCount "98"]
[EventDate "2019.??.??"]

1. d4 e6 2. Bf4 f5 3. Nf3 Nf6 4. Nbd2 b6 5. h3 Bb7 6. e3 Be7 7. Be2 O-O 8. O-O
c5 9. c3 Nc6 10. a3 Rc8 11. b4 Nd5 12. Qb3 Nxf4 13. exf4 cxd4 14. Nxd4 Qc7 15.
g3 Nxd4 16. cxd4 Qc2 17. Rfd1 Qxb3 18. Nxb3 Rc3 19. Rab1 Bd5 20. Rd3 Rfc8 21.
Rxc3 Rxc3 22. Bd1 Bf6 23. Kf1 Bxb3 24. Rxb3 Rxb3 25. Bxb3 Bxd4 26. Ba4 d6 27.
Bb3 Kf7 28. b5 Ke7 29. Ke2 d5 30. a4 Kd6 31. Bd1 Kc5 32. Bc2 Kc4 33. h4 h5 34.
Bd1 Kc3 35. Ke1 g6 36. Ke2 Bc5 37. Ke1 Kd3 38. Be2+ Kc2 39. Bd1+ Kc1 40. Bb3 d4
41. Ke2 d3+ 42. Kxd3 Bxf2 43. Bxe6 Kb2 44. Kc4 Ka3 45. Bf7 Bxg3 46. Bxg6 Bxh4
47. Bxh5 Bg3 48. Bg6 Bxf4 49. Bxf5 Kxa4 1/2-1/2

[Event "Rochade Steele/Kray 2 - SV Horst-Emsche"]
[Site "Verbandsklasse - Gruppe 1 201"]
[Date "2019.03.24"]
[Round "8.5"]
[White "Schreiner, Paulo"]
[Black "Niemann, Walter"]
[Result "1-0"]
[WhiteElo "1651"]
[BlackElo "1714"]
[PlyCount "107"]
[EventDate "2019.??.??"]

1. d4 d5 2. c4 c6 3. Nc3 Nf6 4. Nf3 e6 5. Bg5 Nbd7 6. e3 Qa5 7. Qc2 Bb4 8. Bxf6
Nxf6 9. Nd2 dxc4 10. Bxc4 Nd5 11. Bxd5 exd5 12. O-O O-O 13. a3 Bd6 14. b4 Qc7
15. h3 a6 16. Rfc1 Qe7 17. Na4 Bc7 18. Qc5 Bd6 19. Qc2 Qf6 20. Nc5 Re8 21. a4
b6 22. Ncb3 Bd7 23. a5 b5 24. Nc5 Bf5 25. Qd1 Rac8 26. Nxa6 Qg6 27. Qf3 Re6 28.
g4 Rf6 29. Qg2 Bd7 30. Nc5 Bxc5 31. Rxc5 Qd3 32. Nf3 Qb3 33. Ne5 Be8 34. a6 Re6
35. a7 Ra8 36. Ra6 f6 37. Nxc6 Rxc6 38. Rcxc6 Bxc6 39. Rxc6 Rxa7 40. Rc5 Rd7
41. Rxb5 Kf7 42. Qf3 Qc4 43. Rb8 Qc7 44. Rb5 Qc4 45. Rc5 Qxb4 46. Rxd5 Ra7 47.
Rc5 g5 48. Qd5+ Kg7 49. Rc8 Ra1+ 50. Kg2 Qe1 51. Qg8+ Kh6 52. Qf8+ Kg6 53. Qe8+
Kh6 54. Qh5+ 1-0

[Event "Rochade Steele/Kray 2 - SV Horst-Emsche"]
[Site "Verbandsklasse - Gruppe 1 201"]
[Date "2019.03.24"]
[Round "8.6"]
[White "Kleeberg, Stefan"]
[Black "Weichert, Eddy"]
[Result "0-1"]
[WhiteElo "1554"]
[BlackElo "1707"]
[PlyCount "80"]
[EventDate "2019.??.??"]

1. d4 Nf6 2. c4 c5 3. e3 d5 4. dxc5 e5 5. cxd5 Qxd5 6. Qxd5 Nxd5 7. a3 Bxc5 8.
e4 Nf6 9. f3 Nc6 10. Bb5 Bd7 11. Bxc6 Bxc6 12. Nc3 a5 13. Nge2 h6 14. Nd1 O-O-O
15. Nec3 a4 16. Be3 Bd4 17. Rc1 Kb8 18. Bxd4 exd4 19. Na2 Rc8 20. Kd2 Bb5 21.
Nf2 Nd7 22. Rc2 Rxc2+ 23. Kxc2 Rc8+ 24. Kd2 Ne5 25. Nb4 Nc4+ 26. Kc1 Nxa3+ 27.
Kd1 Nc4 28. Nfd3 Ne3+ 29. Ke2 Rc4 30. Kd2 Rc7 31. g3 Ka7 32. Rc1 Rxc1 33. Nxc1
Nf1+ 34. Ke1 Nxh2 35. Kf2 Nf1 36. Ne2 Bxe2 37. Kxe2 Nxg3+ 38. Kd3 h5 39. Nc2 h4
40. Nxd4 h3 0-1

[Event "Rochade Steele/Kray 2 - SV Horst-Emsche"]
[Site "Verbandsklasse - Gruppe 1 201"]
[Date "2019.03.24"]
[Round "8.7"]
[White "Konietzka, Bernd"]
[Black "Peters, Guenter"]
[Result "1-0"]
[WhiteElo "1901"]
[BlackElo "1690"]
[PlyCount "69"]
[EventDate "2019.??.??"]

1. e4 c5 2. Nf3 Nc6 3. d4 cxd4 4. Nxd4 Nf6 5. Nc3 e5 6. Nf5 d6 7. Ng3 Be7 8.
Bc4 O-O 9. O-O a6 10. a4 Be6 11. Nd5 Bxd5 12. exd5 Nb8 13. Be3 Qc8 14. Be2 Re8
15. c4 g6 16. f4 Nbd7 17. b4 b6 18. Rc1 Ra7 19. Qd3 exf4 20. Rxf4 Ne5 21. Qd1
Ned7 22. Bd4 Ne5 23. Bxb6 Rb7 24. c5 Nfd7 25. cxd6 Qa8 26. dxe7 Rxb6 27. d6 Qb8
28. Rd4 Rxb4 29. Rd5 Qb6+ 30. Kh1 Nc6 31. Bc4 Qb7 32. Ne4 Kg7 33. Nc5 Qa7 34.
Nxd7 Qxd7 35. Bxa6 1-0

[Event "Rochade Steele/Kray 2 - SV Horst-Emsche"]
[Site "Verbandsklasse - Gruppe 1 201"]
[Date "2019.03.24"]
[Round "8.8"]
[White "Jahrke, Lothar"]
[Black "Kotter, Michael"]
[Result "0-1"]
[WhiteElo "1743"]
[BlackElo "1857"]
[PlyCount "92"]
[EventDate "2019.??.??"]

1. e4 e5 2. Nf3 Nf6 3. Nxe5 d6 4. Nf3 Nxe4 5. Nc3 Nf6 6. d4 d5 7. Bg5 Be7 8. h3
O-O 9. Bd3 Re8 10. O-O h6 11. Be3 Nbd7 12. Qd2 Bf8 13. a3 c6 14. Qc1 Ne4 15.
Nd2 f5 16. Ne2 Ndf6 17. Nf3 Bd6 18. Bf4 Bf8 19. Ne5 g5 20. Bh2 f4 21. f3 Nd6
22. c3 Nf5 23. Nxf4 gxf4 24. Qxf4 Nh5 25. Qg4+ Nhg7 26. Qg6 Qg5 27. Qf7+ Kh7
28. f4 Qh5 29. Qxh5 Nxh5 30. g4 Nhg7 31. Rae1 Kg8 32. gxf5 Bxf5 33. Bxf5 Nxf5
34. Kf2 c5 35. dxc5 Bxc5+ 36. Kf3 Kh7 37. Bg1 Nh4+ 38. Kg4 Be7 39. Kg3 Rg8+ 40.
Kf2 Rg2+ 41. Ke3 Rag8 42. b4 R8g3+ 43. Nf3 Nxf3 44. Bf2 Rxh3 45. Rh1 Nh2+ 46.
Ke2 Bh4 0-1

[Event "SV Günnigfeld 1 - SG Mengede 1"]
[Site "Verbandsklasse - Gruppe 1 201"]
[Date "2019.03.24"]
[Round "8.1"]
[White "Pauling, Markus"]
[Black "Freisen, Thomas"]
[Result "1/2-1/2"]
[WhiteElo "2182"]
[BlackElo "1973"]
[Annotator "Daniel"]
[PlyCount "84"]
[EventDate "2019.??.??"]

1. e4 c5 2. Nc3 e6 3. f4 d5 4. Bb5+ Bd7 5. Bxd7+ Qxd7 6. e5 Nc6 7. d3 Nge7 8.
Nf3 Nf5 9. O-O h5 10. Ne2 Be7 11. c3 Qc7 12. Bd2 Qb6 $11 13. Qc2 Rc8 14. g3 a6
15. h4 Nh6 16. Kg2 Ng4 17. Nh2 Nxh2 18. Kxh2 g6 19. Ng1 Bd8 20. Nf3 Ne7 21. Be3
Nf5 22. Bf2 Qc6 23. Qe2 c4 24. dxc4 Qxc4 25. Qxc4 Rxc4 26. Nd2 Rc6 27. Rfc1 Bc7
28. c4 dxc4 29. Nxc4 Kd7 30. Nd2 Rc8 31. Rxc6 Kxc6 32. Rc1+ Kd7 33. Ne4 Bd8 34.
Rd1+ Ke8 35. Rd2 Be7 36. Kg2 Rc6 37. Kf3 Rc4 38. b3 Rc6 39. g4 hxg4+ 40. Kxg4
Nh6+ 41. Kf3 Nf5 42. a3 Rc8 1/2-1/2

[Event "SV Günnigfeld 1 - SG Mengede 1"]
[Site "Verbandsklasse - Gruppe 1 201"]
[Date "2019.03.24"]
[Round "8.2"]
[White "Markus, Peter"]
[Black "Borgschulze, Maik"]
[Result "0-1"]
[WhiteElo "1950"]
[BlackElo "2134"]
[PlyCount "44"]
[EventDate "2019.??.??"]

1. e4 e6 2. d4 d5 3. Bd3 c5 4. exd5 exd5 5. dxc5 Bxc5 6. Nf3 Nf6 7. O-O O-O 8.
Re1 Qb6 9. Rf1 Re8 10. Nc3 Qd6 11. Na4 Bb4 12. Bd2 Bg4 13. Nc3 a6 14. Be2 Nc6
15. h3 Bh5 16. Bd3 Nd4 17. Bg5 Nxf3+ 18. gxf3 d4 19. Nb1 Qd5 20. Bxf6 gxf6 21.
Be4 Rxe4 22. fxe4 Qg5+ 0-1

[Event "SV Günnigfeld 1 - SG Mengede 1"]
[Site "Verbandsklasse - Gruppe 1 201"]
[Date "2019.03.24"]
[Round "8.3"]
[White "Bork, Sophie"]
[Black "Radi, Guenter"]
[Result "1/2-1/2"]
[WhiteElo "1895"]
[BlackElo "1898"]
[Annotator "Daniel"]
[PlyCount "120"]
[EventDate "2019.??.??"]

1. e4 c5 2. c3 Nc6 3. Nf3 g6 4. Bc4 e6 5. O-O Bg7 6. d4 cxd4 7. cxd4 Qb6 8. e5
Nge7 9. Bb3 Nf5 10. Be3 Na5 11. Nc3 Nxb3 12. axb3 O-O 13. Na4 Qd8 14. Bg5 f6
15. exf6 Bxf6 16. Bxf6 Rxf6 17. d5 d6 18. dxe6 Bxe6 19. Ng5 Ne7 20. Nxe6 Rxe6
21. Re1 Rxe1+ 22. Qxe1 Kf7 23. Qe4 Qc7 24. Re1 Qd7 25. h3 Rc8 26. Qh4 h5 27.
Qf4+ Kg7 28. Qd4+ Kh7 29. Qf6 Ng8 30. Qd4 b6 31. Nc3 Rd8 32. Nd5 Qg7 33. Qh4
Rd7 34. Nc3 Qf6 35. Qg3 d5 36. Rd1 Ne7 37. Qd3 d4 38. Ne4 Qf5 39. Kh1 Nc6 40.
g4 hxg4 41. hxg4 Qf4 42. g5 Kg7 43. Kg1 $11 Ne5 44. Qe2 Nf3+ 45. Kg2 Qg4+ 46.
Ng3 Nh4+ 47. Kf1 Qxg5 48. Qc4 Qd5 49. Qxd5 Rxd5 50. Rd3 Kf6 51. f4 Nf5 52. Ne4+
Ke7 53. Rh3 Ne3+ 54. Ke2 Rh5 55. Rg3 Kf7 56. Kd3 Nf5 57. Rf3 Rh2 58. Nd2 Ke6
59. b4 Kd5 60. b3 b5 1/2-1/2

[Event "SV Günnigfeld 1 - SG Mengede 1"]
[Site "Verbandsklasse - Gruppe 1 201"]
[Date "2019.03.24"]
[Round "8.4"]
[White "Funke, Eckhard"]
[Black "Weinert, Christian"]
[Result "1/2-1/2"]
[WhiteElo "1814"]
[BlackElo "1979"]
[PlyCount "90"]
[EventDate "2019.??.??"]

1. d4 Nf6 2. c4 e6 3. Nc3 Bb4 4. a3 Bxc3+ 5. bxc3 O-O 6. e3 b6 7. Bd3 Ba6 8.
Nf3 Nc6 9. O-O Na5 10. Nd2 Rc8 11. e4 c5 12. Qe2 cxd4 13. cxd4 d5 14. cxd5 Bxd3
15. Qxd3 exd5 16. e5 Ne4 17. Nxe4 dxe4 18. Qg3 Rc6 19. Be3 Qd5 20. Rac1 Nc4 21.
Rfd1 Rfc8 22. Qg4 R8c7 23. Qe2 Nxe3 24. Rxc6 Rxc6 25. Qxe3 h6 26. f3 exf3 27.
Qxf3 Qxf3 28. gxf3 Rc3 29. d5 Kf8 30. Kf2 Rxa3 31. Rc1 Ra5 32. Rc8+ Ke7 33.
Rc7+ Ke8 34. f4 Rxd5 35. Rxa7 g5 36. Rb7 b5 37. Kf3 Rd3+ 38. Ke4 Rb3 39. fxg5
hxg5 40. Kf5 Rb2 41. Kxg5 Rxh2 42. Rxb5 Ke7 43. Rb6 Rf2 44. Ra6 Rf1 45. Rb6 Rf2
1/2-1/2

[Event "SV Günnigfeld 1 - SG Mengede 1"]
[Site "Verbandsklasse - Gruppe 1 201"]
[Date "2019.03.24"]
[Round "8.5"]
[White "Delvos, Thorsten"]
[Black "Brinkmann, Uwe"]
[Result "1-0"]
[WhiteElo "1966"]
[BlackElo "1931"]
[PlyCount "35"]
[EventDate "2019.??.??"]

1. c4 e6 2. d4 d5 3. Nc3 Nf6 4. cxd5 exd5 5. Bg5 Be7 6. Qc2 O-O 7. e3 h6 8. Bh4
c6 9. Bd3 Re8 10. Nf3 Nbd7 11. Bg3 Nf8 12. h3 Bd6 13. Bxd6 Qxd6 14. O-O Be6 15.
Rab1 N6d7 16. b4 Rac8 17. Rfc1 Rc7 18. Nb5 1-0